000 00608nam a2200169Ia 4500
005 20250424120315.0
008 250424s9999 xx 000 0 und d
022 _a11186917
050 _aKTA 2781.2 .N54/
245 0 _aNigerian taxation : the official journal of the Chartered Institute of Taxation of Nigeria.
260 _aMaryland, Lagos State.
260 _bThe Chartered Institute of Taxation of Nigeria.
260 _c2014
300 _av, 138 p. : ill. ; 25 cm.
650 _aChartered Institute of Taxation of Nigeria. Taxation--Nigeria. Taxation--Law and legislation--Nigeria.
942 _cSR
999 _c38570
_d38570